• 首页
  • 本馆介绍
  • 公告通知
  • 最新文献
  • 馆藏检索
  • 电子资源
  • 读者导购
  • 参考咨询
  • 我的图书馆
  • 登录
  • 详细信息显示
  • 放入我的书架
  • 预约/预借图书
  • 作者相关作品
  • 分类相关作品
  • 丛书相关作品
  • 出版社相关作品

书目信息

  • 表格格式
  • 工作单格式
  • 卡片格式
题名:
河北省丰润区耕地地力评价与利用
    
 
作者: 张凤敏 , 刘建玲 主编
分册:  
出版信息: 北京   知识产权出版社  2012.10
页数: 213页
开本: 26cm
丛书名: 河北省耕地地力评价与利用丛书
单 册:
中图分类: S159.222.4 , S158
科图分类:
主题词: 区(城市)--耕作土壤--土壤肥力--土壤调查--丰润县 , 区(城市)--耕作土壤--评价--丰润县 , 区(城市) , 耕作土壤 , 土壤肥力 , 土壤调查
电子资源:
ISBN: 978-7-5130-1385-7
000 01235oam2 2200349 450
001 005731393
005 20130609084218.06
010    @a978-7-5130-1385-7@dCNY58.00
035    @a(A100000NLC)006335874
100    @a20121213d2012 em y0chiy50 ea
101 0  @achi
102    @aCN@b110000
105    @aa z 000yy
106    @ar
200 1  @a河北省丰润区耕地地力评价与利用@9he bei sheng feng run qu geng di di li ping jia yu li yong@f张凤敏,刘建玲主编
210    @a北京@c知识产权出版社@d2012.10
215    @a213页@c图@d26cm
225 2  @a河北省耕地地力评价与利用丛书
330    @a本书系统阐述了土壤有机质、全氮、有效磷、速效钾、缓效钾等主要土壤养分的状况与变化;土壤有效硫、有效铁、有效锰、有效铜、有效锌等主栽作物上的产量效应,土壤供氮、磷、钾的能力。
461  0 @12001 @a河北省耕地地力评价与利用丛书
606 0  @a区(城市)@x耕作土壤@x土壤肥力@x土壤调查@y丰润县
606 0  @a区(城市)@x耕作土壤@x评价@y丰润县
606 0  @a区(城市)
606 0  @a耕作土壤
606 0  @a土壤肥力
606 0  @a土壤调查
690    @aS159.222.4@v5
690    @aS158@v5
701  0 @a张凤敏@9zhang feng min@c(农牧)@4主编
701  0 @a刘建玲@9liu jian ling@c(农大)@4主编
801  0 @aCN@bNLC@c20121213
905    @dS159.222.4@e76
    
    河北省丰润区耕地地力评价与利用/张凤敏,刘建玲主编.-北京:知识产权出版社,2012.10
    213页:图;26cm.-(河北省耕地地力评价与利用丛书)
    
    
    ISBN 978-7-5130-1385-7:CNY58.00
    本书系统阐述了土壤有机质、全氮、有效磷、速效钾、缓效钾等主要土壤养分的状况与变化;土壤有效硫、有效铁、有效锰、有效铜、有效锌等主栽作物上的产量效应,土壤供氮、磷、钾的能力。
●
相关链接 在E读中查询图书 在五车中查询图书 在当当中查询图书 在豆瓣中查询图书


正题名:河北省丰润区耕地地力评价与利用     索取号:S159.222.4/76         预约/预借

序号 登录号 条形码 馆藏地/架位号 状态 备注
1 0545222   205452222   第二样本阅览室/ [索取号:S159.222.4/76] 在馆    
2 0545223   205452231   第三借阅区/ [索取号:S159.222.4/76] 在馆    
3 0545224   205452240   第三借阅区/ [索取号:S159.222.4/76] 在馆    
4 0545225   205452259   第三借阅区/ [索取号:S159.222.4/76] 在馆    
5 0545226   205452268   第三借阅区/ [索取号:S159.222.4/76] 在馆    
唐山师范学院图书馆 欢迎您!
大连网信软件有限公司© 版权所有